[Event "WTCC-65 2018"]
[Site "Radebeul"]
[Date "2018.07.07"]
[Round "1"]
[White "Ackermann, Hans Werner"]
[Black "Wong, Ngiam Yee"]
[Result "0-1"]
[WhiteElo "2267"]
[BlackElo "2013"]
[Annotator "ChessBase"]
[PlyCount "109"]
[EventDate "2018.07.07"]
[EventType "team-tourn"]
[EventCountry "GER"]
[SourceTitle "playchess.com"]
[Source "ChessBase"]
[SourceQuality "1"]
[TimeControl "40/5400+30:1800+30"]

1. Nf3 {[%emt 0:00:00]} g6 {[%emt 0:00:12]} 2. g3 {[%emt 0:00:14]} Bg7 {[%emt 0:00:10]} 3. Bg2 {[%emt 0:00:05]} e5 {[%emt 0:00:20]} 4. d3 {[%emt 0:02:05]} Ne7 {[%emt 0:01:47]} 5. e4 {[%emt 0:02:43]} d5 {[%emt 0:02:36]} 6. exd5 {[%emt 0:03:32]} Nxd5 {[%emt 0:00:14]} 7. O-O {[%emt 0:01:35]} O-O {[%emt 0:00:16]} 8. Bg5 {[%emt 0:02:46]} f6 {[%emt 0:01:18]} 9. Bd2 {[%emt 0:03:04]} Nc6 {[%emt 0:01:26]} 10. Nc3 {[%emt 0:01:07]} Be6 {[%emt 0:01:38]} 11. Re1 {[%emt 0:06:39]} Qd7 {[%emt 0:03:53]} 12. Qc1 {[%emt 0:13:46]} Rae8 {[%emt 0:02:16]} 13. a3 {[%emt 0:04:09]} b6 {[%emt 0:07:08]} 14. Ne2 {[%emt 0:09:51]} Bg4 {[%emt 0:07:24]} 15. Nc3 {[%emt 0:10:13]} Nxc3 {[%emt 0:08:07]} 16. bxc3 {[%emt 0:02:37]} Nd8 {[%emt 0:04:46]} 17. h4 {[%emt 0:02:58]} c5 {[%emt 0:02:22]} 18. Nh2 {[%emt 0:03:49]} Be6 {[%emt 0:05:10]} 19. a4 {[%emt 0:02:57]} Nc6 {[%emt 0:01:59]} 20. Ra3 {[%emt 0:05:15]} c4 {[%emt 0:02:44]} 21. Be3 {[%emt 0:03:00]} Na5 {[%emt 0:04:14]} 22. d4 {[%emt 0:01:01]} Bd5 {[%emt 0:00:35]} 23. Rd1 {[%emt 0:03:05]} Bxg2 {[%emt 0:01:58]} 24. Kxg2 {[%emt 0:00:04]} Qd5+ {[%emt 0:00:21]} 25. Kg1 {[%emt 0:00:09]} e4 {[%emt 0:00:31]} 26. Ra1 {[%emt 0:01:00]} Nb7 {[%emt 0:08:24]} 27. Nf1 {[%emt 0:02:17]} Rc8 {[%emt 0:04:48]} 28. Re1 {[%emt 0:01:02]} Rfe8 {[%emt 0:01:29]} 29. Qd2 {[%emt 0:01:23]} h5 {[%emt 0:01:16]} 30. Reb1 {[%emt 0:01:12]} Kh7 {[%emt 0:02:52]} 31. Bf4 {[%emt 0:01:27]} Qd8 {[%emt 0:04:01]} 32. Qe2 {[%emt 0:03:08]} Bh6 {[%emt 0:02:02]} 33. Bxh6 {[%emt 0:00:38]} Kxh6 {[%emt 0:00:02]} 34. Ne3 {[%emt 0:00:26]} Nd6 {[%emt 0:00:44]} 35. Rb4 {[%emt 0:00:28]} f5 {[%emt 0:03:27]} 36. Ng2 {[%emt 0:00:26]} e3 {[%emt 0:02:40]} 37. fxe3 {[%emt 0:01:45]} Re4 {[%emt 0:03:36]} 38. Rf1 {[%emt 0:02:49]} Rg4 {[%emt 0:00:28]} 39. Rf4 {[%emt 0:01:32]} Rxg3 {[%emt 0:00:54]} 40. Kh2 {[%emt 0:00:31]} Rg4 {[%emt 0:00:28]} 41. Rxg4 {[%emt 0:30:33]} hxg4 {[%emt 0:34:25]} 42. Qf2 {[%emt 0:00:11]} Qc7 {[%emt 0:00:00]} 43. Qf4+ {[%emt 0:00:00]} Kh7 {[%emt 0:00:00]} 44. Kg1 {[%emt 0:00:00]} Ne4 {[%emt 0:00:00]} 45. a5 {[%emt 0:00:00]} bxa5 {[%emt 0:00:00]} 46. Qxc7+ {[%emt 0:00:00]} Rxc7 {[%emt 0:00:00]} 47. Ra4 {[%emt 0:00:00]} Rb7 {[%emt 0:00:00]} 48. Nf4 {[%emt 0:00:00]} Rb1+ {[%emt 0:00:00]} 49. Kg2 {[%emt 0:00:00]} Rb2 {[%emt 0:00:00]} 50. Rxa5 {[%emt 0:00:00]} Rxc2+ {[%emt 0:00:00]} 51. Kg1 {[%emt 0:00:00]} Nd2 {[%emt 0:00:00]} 52. Rxa7+ {[%emt 0:00:00]} Kh6 {[%emt 0:00:00]} 53. Kf2 {[%emt 0:00:00]} Ne4+ {[%emt 0:00:00]} 54. Kg1 {[%emt 0:00:00]} Rxc3 {[%emt 0:00:00]} 55. Ra6 {[%emt 0:07:50]} 0-1

[Event "WTCC-65 2018"]
[Site "Radebeul"]
[Date "2018.07.07"]
[Round "1"]
[White "Giffard, Nicolas"]
[Black "Schwier, Manfred"]
[Result "1-0"]
[WhiteElo "2260"]
[BlackElo "2043"]
[Annotator "NA"]
[PlyCount "69"]
[EventDate "2018.07.07"]
[EventType "team-tourn"]
[EventCountry "GER"]
[SourceTitle "playchess.com"]
[Source "ChessBase"]
[SourceQuality "1"]
[TimeControl "40/5400+30:1800+30"]

1. d4 {[%emt 0:00:00]} d5 {[%emt 0:00:00]} 2. c4 {[%emt 0:00:11]} c6 {[%emt 0:00:00]} 3. e3 {[%emt 0:00:36]} Nf6 {[%emt 0:00:33]} 4. Nf3 {[%emt 0:00:25]} Bg4 {[%emt 0:00:43]} 5. h3 {[%emt 0:01:24]} Bh5 {[%emt 0:00:46]} 6. Nc3 {[%emt 0:01:02]} e6 {[%emt 0:00:31]} 7. g4 {[%emt 0:04:39]} Bg6 {[%emt 0:00:12]} 8. Ne5 {[%emt 0:00:09]} Nbd7 {[%emt 0:00:38]} 9. Nxg6 {[%emt 0:01:53]} hxg6 {[%emt 0:00:21]} 10. Qb3 {[%emt 0:04:08]} b6 {[%emt 0:08:34]} 11. Bg2 {[%emt 0:00:37]} Bd6 {[%emt 0:01:34]} 12. Bd2 {[%emt 0:02:23]} Rc8 {[%emt 0:02:44]} 13. O-O-O {[%emt 0:04:47]} a5 {[%emt 0:03:18]} 14. Kb1 {[%emt 0:01:55]} dxc4 15. Qxc4 {[%emt 0:04:01]} b5 {[%emt 0:05:24]} 16. Qd3 Nb6 {[%emt 0:03:16]} 17. e4 {[%emt 0:01:46]} Bb4 {[%emt 0:04:02]} 18. Bc1 {[%emt 0:05:10]} Qd7 {[%emt 0:06:59]} 19. f4 {[%emt 0:07:08]} a4 {[%emt 0:07:22]} 20. Rhf1 {[%emt 0:00:36]} Rd8 {[%emt 0:01:26]} 21. Qc2 {[%emt 0:03:41]} Rc8 {[%emt 0:04:52]} 22. f5 {[%emt 0:02:48]} gxf5 {[%emt 0:00:59]} 23. gxf5 {[%emt 0:00:09]} exf5 {[%emt 0:01:21]} 24. Rxf5 {[%emt 0:00:11]} Rh5 {[%emt 0:02:14]} 25. Rxh5 {[%emt 0:02:32]} Nxh5 {[%emt 0:00:02]} 26. Qd3 {[%emt 0:06:15]} Rd8 {[%emt 0:04:18]} 27. Bf3 {[%emt 0:03:21]} Nf6 {[%emt 0:21:53]} 28. e5 {[%emt 0:02:36]} Nfd5 {[%emt 0:01:51]} 29. Bg4 {[%emt 0:00:17]} Qe7 {[%emt 0:02:40]} 30. Ne4 {[%emt 0:01:54]} Qf8 {[%emt 0:01:01]} 31. Bg5 Nc4 {[%emt 0:00:07]} 32. Bxd8 {[%emt 0:02:46]} Kxd8 {[%emt 0:01:02]} 33. Rc1 {[%emt 0:01:53]} f5 {[%emt 0:02:07]} 34. Ng5 {[%emt 0:00:16]} Qe7 35. Qxf5 1-0

[Event "WTCC-65 2018"]
[Site "Radebeul"]
[Date "2018.07.07"]
[Round "1"]
[White "Stebbings, Anthony"]
[Black "Borwell, Alan Peter"]
[Result "1-0"]
[WhiteElo "2257"]
[BlackElo "1934"]
[Annotator "NA"]
[PlyCount "57"]
[EventDate "2018.07.07"]
[EventType "team-tourn"]
[EventCountry "GER"]
[SourceTitle "playchess.com"]
[Source "ChessBase"]
[SourceQuality "1"]
[TimeControl "40/5400+30:1800+30"]

1. e4 {[%emt 0:00:00]} c5 {[%emt 0:00:00]} 2. Nf3 {[%emt 0:00:00]} Nc6 {[%emt 0:00:28]} 3. d4 {[%emt 0:00:00]} cxd4 {[%emt 0:00:21]} 4. Nxd4 {[%emt 0:00:00]} Nf6 {[%emt 0:00:10]} 5. Nc3 {[%emt 0:00:00]} e5 {[%emt 0:00:07]} 6. Ndb5 {[%emt 0:00:01]} d6 {[%emt 0:00:10]} 7. Bg5 {[%emt 0:00:18]} a6 {[%emt 0:00:10]} 8. Na3 {[%emt 0:00:12]} b5 {[%emt 0:00:35]} 9. Nd5 {[%emt 0:00:11]} Be7 {[%emt 0:00:13]} 10. Bxf6 {[%emt 0:00:10]} Bxf6 {[%emt 0:00:12]} 11. c3 {[%emt 0:00:09]} Bg5 {[%emt 0:00:26]} 12. Nc2 {[%emt 0:00:18]} O-O {[%emt 0:00:49]} 13. a4 {[%emt 0:00:15]} bxa4 {[%emt 0:00:21]} 14. Rxa4 {[%emt 0:00:08]} a5 {[%emt 0:00:17]} 15. Bc4 {[%emt 0:00:22]} Kh8 {[%emt 0:00:29]} 16. Nce3 {[%emt 0:13:16]} f5 {[%emt 0:09:12]} 17. Nxf5 {[%emt 0:04:06]} Bxf5 {[%emt 0:12:12]} 18. exf5 {[%emt 0:00:05]} Rb8 {[%emt 0:08:03]} 19. b3 {[%emt 0:11:56]} e4 {[%emt 0:04:58]} 20. O-O {[%emt 0:12:11]} Rxf5 {[%emt 0:14:42]} 21. Re1 {[%emt 0:00:14]} Qf8 {[%emt 0:03:27]} 22. Ra2 {[%emt 0:01:47]} Re8 {[%emt 0:02:13]} 23. Bb5 {[%emt 0:02:26]} Ree5 {[%emt 0:10:07]} 24. Bxc6 {[%emt 0:01:06]} Qc8 {[%emt 0:00:12]} 25. Nb4 {[%emt 0:20:10]} e3 {[%emt 0:19:12]} 26. fxe3 {[%emt 0:02:59]} Bxe3+ {[%emt 0:01:08]} 27. Kh1 {[%emt 0:00:11]} Bc5 {[%emt 0:05:33]} 28. Rxe5 {[%emt 0:07:26]} dxe5 {[%emt 0:03:30]} 29. Rxa5 {[%emt 0:02:39]} 1-0

[Event "WTCC-65 2018"]
[Site "Radebeul"]
[Date "2018.07.07"]
[Round "1"]
[White "Kolbak, Jens"]
[Black "Sveshnikov, Evgeny"]
[Result "0-1"]
[WhiteElo "2191"]
[BlackElo "2464"]
[Annotator "ChessBase"]
[PlyCount "36"]
[EventDate "2018.07.07"]
[EventType "team-tourn"]
[EventCountry "GER"]
[SourceTitle "playchess.com"]
[Source "ChessBase"]
[SourceQuality "1"]
[TimeControl "40/5400+30:1800+30"]

1. e4 {[%emt 0:00:00]} c5 {[%emt 0:00:00]} 2. Nf3 {[%emt 0:00:00]} Nc6 {[%emt 0:00:00]} 3. Bb5 {[%emt 0:00:16]} e6 {[%emt 0:00:00]} 4. Bxc6 {[%emt 0:00:33]} bxc6 {[%emt 0:00:00]} 5. O-O {[%emt 0:00:38]} Ne7 {[%emt 0:00:09]} 6. d3 {[%emt 0:01:44]} Ng6 {[%emt 0:00:09]} 7. e5 {[%emt 0:03:04]} f6 {[%emt 0:00:59]} 8. Re1 {[%emt 0:03:40]} Be7 {[%emt 0:01:25]} 9. Nc3 {[%emt 0:05:07]} fxe5 {[%emt 0:04:53]} 10. Nxe5 {[%emt 0:00:10]} Nxe5 {[%emt 0:00:09]} 11. Rxe5 {[%emt 0:00:05]} O-O {[%emt 0:00:21]} 12. Qe2 {[%emt 0:07:25]} d6 {[%emt 0:12:16]} 13. Rh5 {[%emt 0:01:24]} d5 {[%emt 0:04:06]} 14. Bd2 {[%emt 0:04:23]} Bd6 {[%emt 0:02:02]} 15. Na4 {[%emt 0:06:50]} e5 {[%emt 0:04:31]} 16. c4 {[%emt 0:00:28]} Qf6 {[%emt 0:01:49]} 17. Rc1 {[%emt 0:02:37]} Bg4 18. Qd1 Qd8 0-1

[Event "WTCC-65 2018"]
[Site "Radebeul"]
[Date "2018.07.07"]
[Round "1"]
[White "Romcovici, Victor"]
[Black "Boidman, Yuri"]
[Result "0-1"]
[WhiteElo "2114"]
[BlackElo "2358"]
[Annotator "NA"]
[PlyCount "72"]
[EventDate "2018.07.07"]
[EventType "team-tourn"]
[EventCountry "GER"]
[SourceTitle "playchess.com"]
[Source "ChessBase"]
[SourceQuality "1"]
[TimeControl "40/5400+30:1800+30"]

1. d4 {[%emt 0:00:00]} d5 {[%emt 0:00:00]} 2. Nf3 {[%emt 0:00:06]} Nf6 {[%emt 0:00:00]} 3. e3 {[%emt 0:00:08]} c5 {[%emt 0:00:05]} 4. b3 {[%emt 0:00:19]} cxd4 {[%emt 0:00:31]} 5. exd4 {[%emt 0:00:07]} Nc6 {[%emt 0:00:18]} 6. a3 {[%emt 0:00:52]} Bg4 {[%emt 0:00:49]} 7. Bb2 {[%emt 0:01:00]} e6 {[%emt 0:00:33]} 8. Nbd2 {[%emt 0:02:46]} Be7 {[%emt 0:01:59]} 9. h3 {[%emt 0:00:34]} Bf5 {[%emt 0:01:36]} 10. Nh4 {[%emt 0:08:05]} Be4 {[%emt 0:00:59]} 11. Be2 {[%emt 0:07:59]} h6 {[%emt 0:02:42]} 12. Nxe4 {[%emt 0:06:10]} dxe4 {[%emt 0:00:43]} 13. g3 {[%emt 0:00:15]} e3 {[%emt 0:02:20]} 14. Bf3 {[%emt 0:03:05]} exf2+ {[%emt 0:03:41]} 15. Kxf2 {[%emt 0:00:23]} Qb6 {[%emt 0:01:10]} 16. Re1 {[%emt 0:08:33]} Rd8 {[%emt 0:06:35]} 17. Bxc6+ {[%emt 0:04:41]} Qxc6 {[%emt 0:00:19]} 18. Qe2 {[%emt 0:10:30]} O-O {[%emt 0:03:27]} 19. c4 {[%emt 0:04:26]} b5 {[%emt 0:06:21]} 20. Nf3 {[%emt 0:04:45]} bxc4 {[%emt 0:01:42]} 21. bxc4 {[%emt 0:00:09]} Nd7 {[%emt 0:03:31]} 22. Kg2 {[%emt 0:01:22]} Nb6 {[%emt 0:03:40]} 23. d5 {[%emt 0:20:36]} Qxc4 {[%emt 0:09:04]} 24. dxe6 {[%emt 0:00:12]} fxe6 {[%emt 0:07:38]} 25. Qxe6+ {[%emt 0:01:23]} Rf7 {[%emt 0:00:24]} 26. a4 {[%emt 0:09:18]} Rd3 {[%emt 0:02:17]} 27. Ng1 {[%emt 0:03:32]} Rd2+ {[%emt 0:01:23]} 28. Kh1 {[%emt 0:01:29]} Qxe6 {[%emt 0:01:08]} 29. Rxe6 {[%emt 0:00:03]} Rxb2 {[%emt 0:00:12]} 30. Ne2 {[%emt 0:00:31]} Bc5 {[%emt 0:01:22]} 31. a5 Nd5 {[%emt 0:01:47]} 32. Re5 {[%emt 0:01:32]} Rd2 {[%emt 0:01:10]} 33. Rc1 {[%emt 0:00:31]} Bd6 34. Re6 {[%emt 0:00:57]} Bc7 {[%emt 0:05:42]} 35. Rcc6 {[%emt 0:00:00]} Bxa5 {[%emt 0:00:00]} 36. Rc8+ {[%emt 0:00:00]} Kh7 {[%emt 0:00:00]} 0-1

[Event "WTCC-65 2018"]
[Site "Radebeul"]
[Date "2018.07.07"]
[Round "1"]
[White "White, Alastair F"]
[Black "Povah, Nigel Edward"]
[Result "1/2-1/2"]
[WhiteElo "2081"]
[BlackElo "2245"]
[Annotator "NA"]
[PlyCount "81"]
[EventDate "2018.07.07"]
[EventType "team-tourn"]
[EventCountry "GER"]
[SourceTitle "playchess.com"]
[Source "ChessBase"]
[SourceQuality "1"]
[TimeControl "40/5400+30:1800+30"]

1. e4 c5 2. b3 Nf6 3. d3 {[%emt 0:02:10]} Nc6 {[%emt 0:05:19]} 4. Bb2 {[%emt 0:02:43]} Qc7 {[%emt 0:01:15]} 5. g4 {[%emt 0:03:22]} Qf4 {[%emt 0:10:49]} 6. Be2 {[%emt 0:08:44]} d5 {[%emt 0:06:59]} 7. exd5 {[%emt 0:19:33]} Nxd5 {[%emt 0:02:11]} 8. Qd2 {[%emt 0:08:16]} Be6 {[%emt 0:15:02]} 9. Nc3 {[%emt 0:04:39]} Nd4 {[%emt 0:03:51]} 10. Nxd5 {[%emt 0:07:28]} Qxd2+ {[%emt 0:00:25]} 11. Kxd2 {[%emt 0:00:06]} Bxd5 {[%emt 0:00:10]} 12. f3 {[%emt 0:01:37]} h5 {[%emt 0:05:42]} 13. g5 {[%emt 0:02:24]} h4 {[%emt 0:01:39]} 14. c3 {[%emt 0:17:52]} Nxe2 {[%emt 0:10:43]} 15. Kxe2 {[%emt 0:00:31]} Rh5 {[%emt 0:00:50]} 16. Bc1 {[%emt 0:01:01]} h3 {[%emt 0:05:25]} 17. Kf2 {[%emt 0:01:11]} g6 {[%emt 0:07:00]} 18. Ne2 {[%emt 0:03:57]} Rd8 {[%emt 0:06:45]} 19. Be3 {[%emt 0:03:25]} Bg7 {[%emt 0:04:14]} 20. Rhg1 {[%emt 0:02:09]} Bc6 {[%emt 0:00:58]} 21. Rad1 {[%emt 0:03:11]} b6 {[%emt 0:00:11]} 22. d4 {[%emt 0:01:11]} cxd4 {[%emt 0:03:57]} 23. Nxd4 {[%emt 0:00:41]} Bd7 {[%emt 0:00:32]} 24. Ne2 {[%emt 0:00:54]} Rh8 {[%emt 0:01:58]} 25. c4 {[%emt 0:02:21]} Rc8 {[%emt 0:01:09]} 26. Rd2 {[%emt 0:00:30]} e5 {[%emt 0:01:00]} 27. Nc3 {[%emt 0:01:05]} Bf5 {[%emt 0:03:12]} 28. Ne4 {[%emt 0:01:08]} Ke7 {[%emt 0:01:09]} 29. Rgd1 {[%emt 0:00:32]} Rcd8 {[%emt 0:00:35]} 30. c5 {[%emt 0:00:35]} Bxe4 {[%emt 0:00:27]} 31. Rxd8 {[%emt 0:00:27]} Rxd8 {[%emt 0:00:07]} 32. Rxd8 {[%emt 0:00:08]} Kxd8 {[%emt 0:00:03]} 33. fxe4 {[%emt 0:00:05]} Kc7 {[%emt 0:00:29]} 34. cxb6+ {[%emt 0:00:21]} axb6 {[%emt 0:00:04]} 35. Kg3 {[%emt 0:00:10]} Bf8 {[%emt 0:00:49]} 36. Kxh3 {[%emt 0:00:10]} Kc6 {[%emt 0:00:37]} 37. Kg4 {[%emt 0:00:41]} b5 {[%emt 0:00:45]} 38. Kf3 {[%emt 0:00:59]} b4 {[%emt 0:00:24]} 39. Ke2 {[%emt 0:00:26]} Kb5 {[%emt 0:00:29]} 40. Kd3 {[%emt 0:00:11]} Be7 {[%emt 0:00:20]} 41. h3 {[%emt 0:32:49]} 1/2-1/2

[Event "WTCC-65 2018"]
[Site "Radebeul"]
[Date "2018.07.07"]
[Round "1"]
[White "Schroeter, Helmut"]
[Black "Hort, Vlastimil"]
[Result "0-1"]
[WhiteElo "2050"]
[BlackElo "2421"]
[Annotator "TA"]
[PlyCount "86"]
[EventDate "2018.07.07"]
[EventType "team-tourn"]
[EventCountry "GER"]
[SourceTitle "playchess.com"]
[Source "ChessBase"]
[SourceQuality "1"]

{[%evp 12,86,-4,-14,-7,-62,-43,-62,-54,-65,-54,-60,-49,-53,-47,-56,-48,-56,-48,-60,-37,-40,-36,-35,-29,-36,-21,-41,-42,-41,-24,-110,-97,-100,-99,-117,-33,-106,-106,-104,-102,-117,-16,-84,-54,-51,0,0,0,-29,0,-34,-32,-32,-32,-32,-14,-11,-19,-39,-39,-165,-175,-1543,-1498,-1472,-1429,-1869,-1734,-1764,-1706,-1909,-1890,-1731,-1708,-29988,-29989]} 1. f4 Nf6 2. Nf3 g6 3. g3 Bg7 4. Bg2 d5 5. O-O b6 6. d3 {A03: Bird's Opening with 1...d5} Bb7 7. c3 {LiveBook: 14 Games} Nbd7 (7... O-O 8. a4 a6 9. Qc2 Nbd7 10. Re1 Re8 11. Na3 e5 12. fxe5 Nxe5 13. Nxe5 Rxe5 14. Bf4 Re8 15. Qd2 Qd7 16. Nc2 {1-0 (52) Kamsky,G (2762)-Leko,P (2732) Beijing 2012}) 8. h3 (8. Nbd2 $11) 8... c5 9. Be3 $146 ({Predecessor:} 9. Qe1 Qc7 10. a4 O-O 11. Na3 a6 12. g4 Rac8 13. Nh4 h6 14. e4 e5 15. g5 Nh5 {½-½ (28) Petr,J (1810)-Sanders,I (1968) Mureck 2010}) 9... Qc7 10. Nbd2 O-O 11. Rc1 Ne8 12. d4 Nd6 13. Bf2 Rac8 14. Re1 e6 15. Ne5 Rfd8 16. e3 Nf6 17. g4 Nfe4 18. Nxe4 Nxe4 19. Bh4 f6 $36 {[%cal Bf7f6,Bf6g5][%mdl 2080] [#] Strongly threatening ...g5. Black fights for an advantage.} 20. Nf3 Qe7 {Hoping for ...g5.} 21. Re2 (21. Nd2 $11) 21... g5 22. fxg5 fxg5 23. Be1 Rf8 ({Black should try} 23... Ba6 $17 24. Rec2 Qc7 25. dxc5 Nxc5 26. Nxg5 Qe5) 24. Qa4 ({Better is} 24. Nd2 $15) 24... Bc6 $17 25. Qb3 Qd7 26. Qd1 Rcd8 (26... Bb5 $17 27. Rec2 Qf7) 27. Rec2 (27. Nd2 $11) 27... Qe7 28. Nd2 e5 (28... Nf6 $15) 29. Nxe4 $11 dxe4 30. Rf2 Qe6 {[%cal Re5d4]} (30... exd4 {feels hotter.} 31. cxd4 Bd5 32. Rxf8+ Qxf8 33. Bf2 cxd4 34. exd4 Qf4) 31. Qb3 (31. Rxf8+ {is interesting.} Bxf8 32. Qc2 Qxa2 33. Bg3 Bg7 34. dxc5 bxc5 35. Rd1) 31... Qxb3 32. axb3 cxd4 33. Rxf8+ Rxf8 34. cxd4 Bd5 35. Bb4 Re8 ({Much weaker is} 35... exd4 $6 36. Bxf8 Kxf8 37. Rc8+ Kf7 38. Rc7+ Kf8 39. exd4 $14 (39. Rxa7 d3 $16)) 36. Rc7 (36. Bc3 $15) 36... exd4 $19 {[%cal Be5d4,Bd4d3,Bd3d2][%mdl 32] Threatens to win with ...a5.} 37. Re7 $2 (37. Rd7 Bxb3 38. exd4) 37... Rxe7 38. Bxe7 {[%mdl 4096] Endgame KBB-KBB} d3 39. Kf1 Bxb2 {[#] And now ...d2 would win.} 40. Bb4 Bc1 41. Kf2 a5 42. Bc3 Kf7 43. Bd4 d2 {Precision: White = 31%, Black = 44%.} 0-1

[Event "WTCC-65 2018"]
[Site "Radebeul"]
[Date "2018.07.07"]
[Round "1"]
[White "Eskandary, Jahja"]
[Black "Seret, Jean Luc"]
[Result "1/2-1/2"]
[WhiteElo "2047"]
[BlackElo "2353"]
[Annotator "NA"]
[PlyCount "58"]
[EventDate "2018.07.07"]
[EventType "team-tourn"]
[EventCountry "GER"]
[SourceTitle "playchess.com"]
[Source "ChessBase"]
[SourceQuality "1"]
[TimeControl "40/5400+30:1800+30"]

1. e4 {[%emt 0:52:57]} b6 {[%emt 0:52:36]} 2. Nc3 {[%emt 0:00:30]} Bb7 {[%emt 0:00:30]} 3. d4 {[%emt 0:00:30]} e6 {[%emt 0:00:30]} 4. Bf4 {[%emt 0:00:30]} Bb4 {[%emt 0:00:30]} 5. f3 {[%emt 0:00:30]} d5 {[%emt 0:00:30]} 6. e5 {[%emt 0:00:30]} Ne7 {[%emt 0:00:30]} 7. a3 {[%emt 0:00:30]} Bxc3+ {[%emt 0:00:30]} 8. bxc3 {[%emt 0:00:30]} Qd7 {[%emt 0:00:30]} 9. Rb1 {[%emt 0:00:30]} Ba6 {[%emt 0:00:30]} 10. Bxa6 {[%emt 0:00:30]} Nxa6 {[%emt 0:00:30]} 11. Qd3 {[%emt 0:00:30]} Nb8 {[%emt 0:00:30]} 12. Ne2 {[%emt 0:00:30]} Nbc6 {[%emt 0:00:30]} 13. O-O {[%emt 0:00:30]} f6 {[%emt 0:00:30]} 14. exf6 {[%emt 0:00:30]} gxf6 {[%emt 0:00:30]} 15. Qa6 {[%emt 0:00:30]} O-O {[%emt 0:00:30]} 16. Ng3 {[%emt 0:00:30]} Rf7 {[%emt 0:00:30]} 17. Rfe1 {[%emt 0:00:30]} Re8 {[%emt 0:00:30]} 18. Re2 {[%emt 0:00:30]} Ng6 {[%emt 0:00:30]} 19. Bd2 {[%emt 0:00:30]} e5 {[%emt 0:00:30]} 20. Rbe1 {[%emt 0:00:30]} Ree7 {[%emt 0:00:30]} 21. Qd3 {[%emt 0:00:30]} exd4 {[%emt 0:00:30]} 22. Rxe7 {[%emt 0:00:30]} Rxe7 {[%emt 0:00:30]} 23. Rxe7 {[%emt 0:00:30]} Ncxe7 {[%emt 0:00:30]} 24. cxd4 {[%emt 0:00:30]} a5 {[%emt 0:00:30]} 25. Nh5 {[%emt 0:00:30]} Kf7 {[%emt 0:00:30]} 26. g4 {[%emt 0:00:30]} Qc6 {[%emt 0:00:30]} 27. c3 {[%emt 0:21:43]} Qa4 {[%emt 0:05:55]} 28. Bc1 {[%emt 0:00:25]} Qb3 {[%emt 0:02:41]} 29. Kf2 {[%emt 0:04:06]} Qa2+ 1/2-1/2

[Event "WTCC-65 2018"]
[Site "Radebeul"]
[Date "2018.07.07"]
[Round "1"]
[White "Zoephel, Heinz"]
[Black "Bernard, Christophe"]
[Result "1/2-1/2"]
[WhiteElo "1979"]
[BlackElo "2253"]
[Annotator "NA"]
[PlyCount "116"]
[EventDate "2018.07.07"]
[EventType "team-tourn"]
[EventCountry "GER"]
[SourceTitle "playchess.com"]
[Source "ChessBase"]
[SourceQuality "1"]
[TimeControl "40/5400+30:1800+30"]

1. e4 {[%emt 0:00:00]} c5 {[%emt 0:00:00]} 2. Nf3 {[%emt 0:00:23]} d6 {[%emt 0:00:02]} 3. d4 {[%emt 0:00:19]} cxd4 {[%emt 0:00:07]} 4. Nxd4 {[%emt 0:00:10]} Nf6 {[%emt 0:00:09]} 5. Nc3 {[%emt 0:00:17]} Nc6 {[%emt 0:00:51]} 6. Be2 {[%emt 0:01:24]} e5 {[%emt 0:00:43]} 7. Nb3 {[%emt 0:03:39]} Be7 {[%emt 0:00:30]} 8. f4 {[%emt 0:00:55]} O-O {[%emt 0:00:26]} 9. Bf3 {[%emt 0:01:27]} a5 {[%emt 0:00:38]} 10. a4 {[%emt 0:00:26]} Be6 {[%emt 0:00:48]} 11. Nd5 {[%emt 0:02:38]} Bxd5 {[%emt 0:06:04]} 12. exd5 {[%emt 0:00:13]} Nb4 {[%emt 0:06:43]} 13. c3 {[%emt 0:07:10]} e4 {[%emt 0:12:24]} 14. cxb4 {[%emt 0:06:25]} exf3 {[%emt 0:00:10]} 15. Qxf3 {[%emt 0:00:31]} axb4 {[%emt 0:01:04]} 16. Be3 {[%emt 0:04:30]} Qd7 {[%emt 0:00:39]} 17. a5 {[%emt 0:04:48]} Qb5 {[%emt 0:00:29]} 18. Rd1 {[%emt 0:02:04]} Qc4 {[%emt 0:03:10]} 19. Nd4 {[%emt 0:11:25]} Rfe8 {[%emt 0:02:26]} 20. Kf2 {[%emt 0:09:39]} Ne4+ {[%emt 0:06:45]} 21. Kg1 {[%emt 0:00:08]} Bf6 {[%emt 0:00:09]} 22. g4 {[%emt 0:02:39]} Rxa5 {[%emt 0:03:41]} 23. Kg2 {[%emt 0:08:42]} Rxd5 {[%emt 0:07:43]} 24. b3 {[%emt 0:05:30]} Qa6 {[%emt 0:02:59]} 25. Ra1 {[%emt 0:00:52]} Ra5 {[%emt 0:00:48]} 26. Rxa5 {[%emt 0:02:50]} Qxa5 {[%emt 0:00:02]} 27. Rc1 {[%emt 0:00:10]} h6 {[%emt 0:08:09]} 28. Rc2 {[%emt 0:04:37]} Qd5 {[%emt 0:03:50]} 29. Rc4 {[%emt 0:03:27]} Nc3 {[%emt 0:02:14]} 30. Bf2 {[%emt 0:02:17]} Re4 {[%emt 0:03:25]} 31. Rc8+ {[%emt 0:03:27]} Kh7 {[%emt 0:00:01]} 32. Nf5 {[%emt 0:02:39]} Re2 {[%emt 0:04:51]} 33. Qxd5 {[%emt 0:02:57]} Nxd5 {[%emt 0:00:02]} 34. Kf3 {[%emt 0:00:11]} Rb2 {[%emt 0:00:08]} 35. Nxd6 {[%emt 0:00:42]} Nxf4 {[%emt 0:00:43]} 36. Nxf7 {[%emt 0:00:22]} Ne6 {[%emt 0:01:06]} 37. h4 {[%emt 0:01:52]} Rxb3+ {[%emt 0:01:01]} 38. Ke4 {[%emt 0:00:28]} Rc3 {[%emt 0:01:25]} 39. Rb8 {[%emt 0:00:51]} Rc7 {[%emt 0:01:01]} 40. Rh8+ {[%emt 0:01:59]} Kg6 {[%emt 0:00:01]} 41. Ne5+ {[%emt 0:30:40]} Bxe5 {[%emt 0:30:12]} 42. Kxe5 {[%emt 0:00:18]} Kf7 {[%emt 0:03:07]} 43. Ra8 {[%emt 0:01:34]} b3 {[%emt 0:00:18]} 44. Ra4 {[%emt 0:00:27]} Rc2 {[%emt 0:00:36]} 45. Rb4 {[%emt 0:02:18]} Re2+ {[%emt 0:00:19]} 46. Kd5 {[%emt 0:02:04]} Rxf2 {[%emt 0:00:23]} 47. Rxb7+ {[%emt 0:00:11]} Kf6 {[%emt 0:00:06]} 48. Rxb3 {[%emt 0:00:00]} Rf4 {[%emt 0:00:00]} 49. g5+ {[%emt 0:00:00]} hxg5 {[%emt 0:00:00]} 50. hxg5+ {[%emt 0:00:00]} Nxg5 {[%emt 0:00:00]} 51. Rb6+ {[%emt 0:00:00]} Kf5 {[%emt 0:00:00]} 52. Rb8 {[%emt 0:00:00]} Ne4 {[%emt 0:00:00]} 53. Rb7 {[%emt 0:00:00]} Nf6+ {[%emt 0:00:00]} 54. Kd6 {[%emt 0:00:00]} Rd4+ {[%emt 0:00:00]} 55. Kc5 {[%emt 0:00:00]} Rd7 {[%emt 0:00:00]} 56. Rb1 {[%emt 0:00:00]} g5 {[%emt 0:00:00]} 57. Rf1+ {[%emt 0:00:00]} Ke5 {[%emt 0:00:00]} 58. Kc4 {[%emt 0:00:00]} g4 {[%emt 0:00:00]} 1/2-1/2